[Event "DVM U20 2022"]
[Site "Münster GER"]
[Date "2022.12.28"]
[Round "3"]
[White "Schröder, Lennart"]
[Black "Prieb, Robert"]
[Result "0-1"]
[Termination "normal"]
[Board "3.3"]
[BlackTitle "CM"]
[WhiteElo "2011"]
[BlackElo "2114"]
[WhiteClock "01:14:23"]
[BlackClock "00:32:21"]
[WhiteTeam "Schachklub Münster 32 e. V."]
[BlackTeam "Schachgesellschaft Bochum 1931"]
[PlyCount "54"]
[WhiteFideId "16222490"]
[BlackFideId "16212002"]
[EventCountry "GER"]
[EventRounds "7"]
[EventType "team-swiss"]
[EventDate "2022.12.26"]

1. d4 {[%clk 01:30:56]} {[%emt 00:00:03]} Nf6 {[%clk 01:30:44]} {[%emt
00:00:16]} 2. c4 {[%clk 01:31:11]} {[%emt 00:00:15]} g6 {[%clk 01:30:53]}
{[%emt 00:00:21]} 3. Nc3 {[%clk 01:31:32]} {[%emt 00:00:09]} d5 {[%clk
01:30:59]} {[%emt 00:00:24]} 4. cxd5 {[%clk 01:31:45]} {[%emt 00:00:18]} Nxd5
{[%clk 01:31:06]} {[%emt 00:00:22]} 5. e4 {[%clk 01:32:07]} {[%emt 00:00:08]}
Nxc3 {[%clk 01:31:24]} {[%emt 00:00:13]} 6. bxc3 {[%clk 01:32:30]} {[%emt
00:00:07]} Bg7 {[%clk 01:31:36]} {[%emt 00:00:18]} 7. Nf3 {[%clk 01:32:46]}
{[%emt 00:00:14]} c5 {[%clk 01:31:35]} {[%emt 00:00:30]} 8. Rb1 {[%clk
01:32:44]} {[%emt 00:00:32]} O-O {[%clk 01:31:23]} {[%emt 00:00:41]} 9. Be2
{[%clk 01:32:57]} {[%emt 00:00:17]} cxd4 {[%clk 01:31:08]} {[%emt 00:00:45]}
10. cxd4 {[%clk 01:33:18]} {[%emt 00:00:09]} Qa5 {[%clk 01:30:58]} {[%emt
00:00:39]} 11. Bd2 {[%clk 01:33:37]} {[%emt 00:00:11]} Qxa2 {[%clk 01:30:52]}
{[%emt 00:00:36]} 12. O-O {[%clk 01:33:54]} {[%emt 00:00:11]} Bg4 {[%clk
01:30:22]} {[%emt 00:01:01]} 13. Rxb7 {[%clk 01:33:55]} {[%emt 00:00:30]} Nc6
{[%clk 01:22:57]} {[%emt 00:07:55]} 14. d5 {[%clk 01:34:15]} {[%emt 00:00:10]}
Bxf3 {[%clk 01:21:46]} {[%emt 00:01:41]} 15. Bxf3 {[%clk 01:34:33]} {[%emt
00:00:12]} Nd4 {[%clk 01:21:20]} {[%emt 00:00:55]} 16. Rxe7 {[%clk 01:34:49]}
{[%emt 00:00:15]} Nxf3 {[%clk 01:15:16]} {[%emt 00:06:34]} 17. gxf3 {[%clk
01:35:10]} {[%emt 00:00:10]} a5 {[%clk 01:14:25]} {[%emt 00:01:21]} 18. Bf4
{[%clk 01:29:44]} {[%emt 00:05:55]} a4 {[%clk 01:09:24]} {[%emt 00:05:31]} 19.
d6 {[%clk 01:24:55]} {[%emt 00:05:19]} a3 {[%clk 01:05:13]} {[%emt 00:04:40]}
20. e5 {[%clk 01:22:30]} {[%emt 00:02:56]} Qc4 {[%clk 01:01:27]} {[%emt
00:04:15]} 21. Be3 {[%clk 01:21:52]} {[%emt 00:01:09]} a2 {[%clk 00:58:53]}
{[%emt 00:03:03]} 22. Qd4 {[%clk 01:20:31]} {[%emt 00:01:52]} Qxf1 {[%clk
00:57:44]} {[%emt 00:01:39]} 23. Kxf1 {[%clk 01:18:56]} {[%emt 00:02:04]} a1=Q
{[%clk 00:57:59]} {[%emt 00:00:15]} 24. Kg2 {[%clk 01:19:15]} {[%emt 00:00:12]}
Qb1 {[%clk 00:53:11]} {[%emt 00:05:18]} 25. Qd5 {[%clk 01:19:14]} {[%emt
00:00:32]} Qf5 {[%clk 00:51:40]} {[%emt 00:02:01]} 26. d7 {[%clk 01:18:28]}
{[%emt 00:01:15]} Rad8 {[%clk 00:35:38]} {[%emt 00:16:32]} 27. f4 {[%clk
01:14:23]} {[%emt 00:04:36]} Bf6 {[%clk 00:32:21]} {[%emt 00:03:46]} 0-1

[Event "DVM U20 2022"]
[Site "Münster GER"]
[Date "2022.12.28"]
[Round "3"]
[White "Gluma, Christian"]
[Black "Kamp, Aaron"]
[Result "1-0"]
[Termination "normal"]
[Board "3.4"]
[WhiteElo "2069"]
[BlackElo "1850"]
[WhiteClock "00:24:25"]
[BlackClock "00:02:31"]
[WhiteTeam "Schachgesellschaft Bochum 1931"]
[BlackTeam "Schachklub Münster 32 e. V."]
[PlyCount "103"]
[WhiteFideId "16223209"]
[BlackFideId "16231120"]
[EventCountry "GER"]
[EventRounds "7"]
[EventType "team-swiss"]
[EventDate "2022.12.26"]

1. e4 {[%clk 01:30:57]} {[%emt 00:00:02]} c5 {[%clk 01:30:54]} {[%emt
00:00:06]} 2. Nf3 {[%clk 01:31:21]} {[%emt 00:00:06]} d6 {[%clk 01:31:17]}
{[%emt 00:00:07]} 3. d4 {[%clk 01:31:47]} {[%emt 00:00:04]} cxd4 {[%clk
01:31:42]} {[%emt 00:00:06]} 4. Nxd4 {[%clk 01:32:13]} {[%emt 00:00:03]} Nf6
{[%clk 01:32:01]} {[%emt 00:00:11]} 5. Nc3 {[%clk 01:32:39]} {[%emt 00:00:05]}
g6 {[%clk 01:32:24]} {[%emt 00:00:06]} 6. Be3 {[%clk 01:33:04]} {[%emt
00:00:05]} Nc6 {[%clk 01:32:48]} {[%emt 00:00:07]} 7. f3 {[%clk 01:33:25]}
{[%emt 00:00:10]} h5 {[%clk 01:33:09]} {[%emt 00:00:07]} 8. Qd2 {[%clk
01:33:20]} {[%emt 00:00:35]} Nxd4 {[%clk 01:33:30]} {[%emt 00:00:09]} 9. Bxd4
{[%clk 01:33:27]} {[%emt 00:00:24]} Bh6 {[%clk 01:33:49]} {[%emt 00:00:09]} 10.
f4 {[%clk 01:28:30]} {[%emt 00:05:29]} e5 {[%clk 01:19:02]} {[%emt 00:15:16]}
11. Be3 {[%clk 01:27:33]} {[%emt 00:01:27]} Ng4 {[%clk 01:17:35]} {[%emt
00:01:57]} 12. Nd5 {[%clk 01:23:01]} {[%emt 00:05:03]} Nxe3 {[%clk 01:16:58]}
{[%emt 00:01:07]} 13. Qxe3 {[%clk 01:18:45]} {[%emt 00:04:46]} Be6 {[%clk
01:11:47]} {[%emt 00:05:41]} 14. Qd3 {[%clk 01:15:42]} {[%emt 00:03:34]} Bxd5
{[%clk 00:55:54]} {[%emt 00:16:22]} 15. Qxd5 {[%clk 01:16:04]} {[%emt
00:00:08]} O-O {[%clk 00:41:45]} {[%emt 00:14:39]} 16. f5 {[%clk 01:02:02]}
{[%emt 00:14:33]} gxf5 {[%clk 00:41:16]} {[%emt 00:00:59]} 17. exf5 {[%clk
01:01:18]} {[%emt 00:01:14]} Qh4 {[%clk 00:40:59]} {[%emt 00:00:46]} 18. g3
{[%clk 00:54:21]} {[%emt 00:07:27]} Qb4 {[%clk 00:41:19]} {[%emt 00:00:09]} 19.
Kf2 {[%clk 00:53:58]} {[%emt 00:00:53]} Qxb2 {[%clk 00:38:18]} {[%emt
00:03:31]} 20. Bd3 {[%clk 00:53:22]} {[%emt 00:01:06]} Rac8 {[%clk 00:36:30]}
{[%emt 00:02:18]} 21. Rhb1 {[%clk 00:41:45]} {[%emt 00:12:08]} Rxc2 {[%clk
00:36:04]} {[%emt 00:00:54]} 22. Bxc2 {[%clk 00:40:45]} {[%emt 00:01:30]} Qxc2
{[%clk 00:36:27]} {[%emt 00:00:08]} 23. Kg1 {[%clk 00:40:24]} {[%emt 00:00:51]}
Be3 {[%clk 00:34:26]} {[%emt 00:02:30]} 24. Kh1 {[%clk 00:40:45]} {[%emt
00:00:10]} Bd4 {[%clk 00:31:46]} {[%emt 00:03:09]} 25. Rc1 {[%clk 00:40:57]}
{[%emt 00:00:18]} Qxf5 {[%clk 00:31:02]} {[%emt 00:01:14]} 26. Rab1 {[%clk
00:40:16]} {[%emt 00:01:12]} b6 {[%clk 00:28:06]} {[%emt 00:03:25]} 27. Rf1
{[%clk 00:39:57]} {[%emt 00:00:50]} Qg6 {[%clk 00:27:18]} {[%emt 00:01:18]} 28.
Rb3 {[%clk 00:39:24]} {[%emt 00:01:03]} Kg7 {[%clk 00:24:50]} {[%emt 00:02:57]}
29. Qb7 {[%clk 00:36:05]} {[%emt 00:03:50]} a5 {[%clk 00:21:55]} {[%emt
00:03:25]} 30. Rbf3 {[%clk 00:35:51]} {[%emt 00:00:44]} Bc5 {[%clk 00:12:35]}
{[%emt 00:09:50]} 31. Rf5 {[%clk 00:29:37]} {[%emt 00:06:44]} Kh8 {[%clk
00:08:52]} {[%emt 00:04:13]} 32. Qe7 {[%clk 00:24:41]} {[%emt 00:05:26]} Rg8
{[%clk 00:05:29]} {[%emt 00:03:53]} 33. Rxf7 {[%clk 00:22:36]} {[%emt
00:02:35]} Qe4 {[%clk 00:04:25]} {[%emt 00:01:34]} 34. R1f3 {[%clk 00:22:22]}
{[%emt 00:00:44]} Qb1 {[%clk 00:03:22]} {[%emt 00:01:32]} 35. Kg2 {[%clk
00:20:56]} {[%emt 00:01:56]} Qc2 {[%clk 00:03:30]} {[%emt 00:00:22]} 36. Kh3
{[%clk 00:21:07]} {[%emt 00:00:19]} Qg6 {[%clk 00:03:07]} {[%emt 00:00:53]} 37.
Rf8 {[%clk 00:19:26]} {[%emt 00:02:12]} Qg7 {[%clk 00:01:37]} {[%emt 00:01:58]}
38. Rxg8 {[%clk 00:19:41]} {[%emt 00:00:17]} Kxg8 {[%clk 00:01:56]} {[%emt
00:00:11]} 39. Qe8 {[%clk 00:20:05]} {[%emt 00:00:06]} Kh7 {[%clk 00:02:05]}
{[%emt 00:00:20]} 40. Rf7 {[%clk 00:20:31]} {[%emt 00:00:04]} Kh6 {[%clk
00:00:50]} {[%emt 00:01:44]} 41. Rxg7 {[%clk 00:20:56]} {[%emt 00:00:06]} Kxg7
{[%clk 00:01:13]} {[%emt 00:00:07]} 42. Qxh5 {[%clk 00:21:21]} {[%emt
00:00:05]} Kf6 {[%clk 00:01:01]} {[%emt 00:00:43]} 43. Kg4 {[%clk 00:21:43]}
{[%emt 00:00:08]} b5 {[%clk 00:00:55]} {[%emt 00:00:36]} 44. Qh6 {[%clk
00:22:00]} {[%emt 00:00:13]} Ke7 {[%clk 00:01:12]} {[%emt 00:00:13]} 45. Kf5
{[%clk 00:22:20]} {[%emt 00:00:11]} b4 {[%clk 00:01:21]} {[%emt 00:00:20]} 46.
Qg7 {[%clk 00:22:35]} {[%emt 00:00:16]} Kd8 {[%clk 00:01:42]} {[%emt 00:00:09]}
47. h4 {[%clk 00:22:45]} {[%emt 00:00:20]} a4 {[%clk 00:02:00]} {[%emt
00:00:12]} 48. h5 {[%clk 00:23:08]} {[%emt 00:00:06]} b3 {[%clk 00:02:21]}
{[%emt 00:00:09]} 49. axb3 {[%clk 00:23:22]} {[%emt 00:00:16]} a3 {[%clk
00:02:31]} {[%emt 00:00:20]} 50. b4 {[%clk 00:23:35]} {[%emt 00:00:18]} a2
{[%clk 00:02:24]} {[%emt 00:00:37]} 51. Qg8 {[%clk 00:24:01]} {[%emt 00:00:04]}
Kc7 {[%clk 00:02:31]} {[%emt 00:00:23]} 52. Qxa2 {[%clk 00:24:25]} {[%emt
00:00:06]} 1-0

[Event "DVM U20 2022"]
[Site "Münster GER"]
[Date "2022.12.28"]
[Round "3"]
[White "Meyer, Emil"]
[Black "Hofmann, Benjamin"]
[Result "1-0"]
[Termination "normal"]
[Board "3.5"]
[WhiteElo "1668"]
[BlackElo "1772"]
[WhiteClock "00:13:34"]
[BlackClock "00:49:53"]
[WhiteTeam "Schachklub Münster 32 e. V."]
[BlackTeam "Schachgesellschaft Bochum 1931"]
[PlyCount "107"]
[WhiteFideId "34625771"]
[BlackFideId "16270266"]
[EventCountry "GER"]
[EventRounds "7"]
[EventType "team-swiss"]
[EventDate "2022.12.26"]

1. e4 {[%clk 01:30:47]} {[%emt 00:00:05]} e5 {[%clk 01:31:00]} {[%emt
00:00:07]} 2. Nf3 {[%clk 01:31:06]} {[%emt 00:00:11]} Nc6 {[%clk 01:31:23]}
{[%emt 00:00:07]} 3. d4 {[%clk 01:31:31]} {[%emt 00:00:05]} exd4 {[%clk
01:31:49]} {[%emt 00:00:05]} 4. Nxd4 {[%clk 01:31:57]} {[%emt 00:00:04]} Bc5
{[%clk 01:32:09]} {[%emt 00:00:10]} 5. Be3 {[%clk 01:32:24]} {[%emt 00:00:03]}
Qf6 {[%clk 01:32:13]} {[%emt 00:00:26]} 6. c3 {[%clk 01:32:46]} {[%emt
00:00:08]} Nge7 {[%clk 01:32:34]} {[%emt 00:00:09]} 7. Bc4 {[%clk 01:33:09]}
{[%emt 00:00:06]} Bb6 {[%clk 01:32:25]} {[%emt 00:00:40]} 8. O-O {[%clk
01:33:29]} {[%emt 00:00:10]} Ne5 {[%clk 01:31:45]} {[%emt 00:01:10]} 9. Be2
{[%clk 01:33:30]} {[%emt 00:00:28]} d6 {[%clk 01:31:20]} {[%emt 00:00:56]} 10.
f4 {[%clk 01:27:32]} {[%emt 00:06:28]} N5g6 {[%clk 01:28:47]} {[%emt 00:03:03]}
11. Na3 {[%clk 01:25:55]} {[%emt 00:02:06]} Nc6 {[%clk 01:27:19]} {[%emt
00:01:59]} 12. Nac2 {[%clk 01:24:00]} {[%emt 00:02:24]} Bd7 {[%clk 01:26:34]}
{[%emt 00:01:16]} 13. Nb5 {[%clk 01:20:44]} {[%emt 00:03:45]} Rc8 {[%clk
01:22:27]} {[%emt 00:04:38]} 14. Bxb6 {[%clk 01:18:06]} {[%emt 00:03:07]} axb6
{[%clk 01:22:28]} {[%emt 00:00:29]} 15. Ne3 {[%clk 01:12:27]} {[%emt 00:06:08]}
Nce7 {[%clk 01:21:39]} {[%emt 00:01:20]} 16. Ng4 {[%clk 01:04:29]} {[%emt
00:08:26]} Qh4 {[%clk 01:17:52]} {[%emt 00:04:20]} 17. g3 {[%clk 00:53:22]}
{[%emt 00:11:37]} Qh3 {[%clk 01:17:51]} {[%emt 00:00:31]} 18. Nf2 {[%clk
00:53:01]} {[%emt 00:00:50]} Qh6 {[%clk 01:17:41]} {[%emt 00:00:41]} 19. Kg2
{[%clk 00:51:27]} {[%emt 00:02:04]} Nxf4 {[%clk 01:10:59]} {[%emt 00:07:12]}
20. gxf4 {[%clk 00:50:17]} {[%emt 00:01:40]} Qxf4 {[%clk 01:10:42]} {[%emt
00:00:47]} 21. Qc1 {[%clk 00:47:49]} {[%emt 00:02:56]} Qh4 {[%clk 01:09:55]}
{[%emt 00:01:18]} 22. Nd4 {[%clk 00:46:48]} {[%emt 00:01:30]} Ng6 {[%clk
01:09:11]} {[%emt 00:01:15]} 23. Nf3 {[%clk 00:41:01]} {[%emt 00:06:17]} Nf4
{[%clk 01:09:04]} {[%emt 00:00:38]} 24. Kh1 {[%clk 00:41:22]} {[%emt 00:00:08]}
Nxe2 {[%clk 01:07:45]} {[%emt 00:01:50]} 25. Nxh4 {[%clk 00:41:45]} {[%emt
00:00:08]} Nxc1 {[%clk 01:08:00]} {[%emt 00:00:15]} 26. Raxc1 {[%clk 00:42:03]}
{[%emt 00:00:11]} O-O {[%clk 01:06:54]} {[%emt 00:01:36]} 27. Rfe1 {[%clk
00:39:06]} {[%emt 00:03:27]} Rfe8 {[%clk 01:05:17]} {[%emt 00:02:08]} 28. Nf5
{[%clk 00:37:40]} {[%emt 00:01:55]} g6 {[%clk 01:04:38]} {[%emt 00:01:10]} 29.
Ne3 {[%clk 00:37:38]} {[%emt 00:00:30]} Bc6 {[%clk 01:03:35]} {[%emt 00:01:34]}
30. Nd5 {[%clk 00:37:39]} {[%emt 00:00:28]} Kg7 {[%clk 01:03:20]} {[%emt
00:00:46]} 31. c4 {[%clk 00:34:58]} {[%emt 00:03:10]} Re5 {[%clk 01:02:19]}
{[%emt 00:01:32]} 32. Nd3 {[%clk 00:34:12]} {[%emt 00:01:14]} Rh5 {[%clk
01:00:52]} {[%emt 00:01:58]} 33. Re3 {[%clk 00:32:08]} {[%emt 00:02:35]} b5
{[%clk 00:58:56]} {[%emt 00:02:26]} 34. cxb5 {[%clk 00:27:36]} {[%emt
00:05:01]} Bxd5 {[%clk 00:58:15]} {[%emt 00:01:11]} 35. exd5 {[%clk 00:27:48]}
{[%emt 00:00:18]} Rxd5 {[%clk 00:58:33]} {[%emt 00:00:13]} 36. a4 {[%clk
00:26:06]} {[%emt 00:02:10]} c5 {[%clk 00:58:05]} {[%emt 00:00:59]} 37. b3
{[%clk 00:25:15]} {[%emt 00:01:22]} Rd4 {[%clk 00:56:37]} {[%emt 00:01:58]} 38.
Rc4 {[%clk 00:25:11]} {[%emt 00:00:34]} d5 {[%clk 00:56:20]} {[%emt 00:00:47]}
39. Rxd4 {[%clk 00:21:27]} {[%emt 00:04:13]} cxd4 {[%clk 00:55:48]} {[%emt
00:01:03]} 40. Rf3 {[%clk 00:21:35]} {[%emt 00:00:21]} Rc3 {[%clk 00:55:03]}
{[%emt 00:01:13]} 41. Ne5 {[%clk 00:21:30]} {[%emt 00:00:37]} Rc1 {[%clk
00:54:48]} {[%emt 00:00:46]} 42. Kg2 {[%clk 00:21:52]} {[%emt 00:00:08]} f6
{[%clk 00:54:42]} {[%emt 00:00:36]} 43. Nd3 {[%clk 00:21:20]} {[%emt 00:01:01]}
Rc3 {[%clk 00:52:48]} {[%emt 00:02:25]} 44. Nf4 {[%clk 00:20:33]} {[%emt
00:01:15]} Rc2 {[%clk 00:52:29]} {[%emt 00:00:51]} 45. Kg3 {[%clk 00:20:46]}
{[%emt 00:00:15]} Kf7 {[%clk 00:50:25]} {[%emt 00:02:37]} 46. Nxd5 {[%clk
00:20:32]} {[%emt 00:00:43]} Ke6 {[%clk 00:50:13]} {[%emt 00:00:42]} 47. Nxf6
{[%clk 00:19:32]} {[%emt 00:01:29]} d3 {[%clk 00:49:58]} {[%emt 00:00:46]} 48.
Ne4 {[%clk 00:18:36]} {[%emt 00:01:25]} Ke5 {[%clk 00:49:41]} {[%emt 00:00:48]}
49. Nf2 {[%clk 00:18:12]} {[%emt 00:00:53]} d2 {[%clk 00:49:30]} {[%emt
00:00:42]} 50. Rd3 {[%clk 00:17:51]} {[%emt 00:00:50]} Rb2 {[%clk 00:49:25]}
{[%emt 00:00:36]} 51. h3 {[%clk 00:16:14]} {[%emt 00:02:07]} h5 {[%clk
00:49:32]} {[%emt 00:00:23]} 52. Kf3 {[%clk 00:15:29]} {[%emt 00:01:15]} g5
{[%clk 00:49:43]} {[%emt 00:00:20]} 53. Ke3 {[%clk 00:14:04]} {[%emt 00:01:54]}
Kf5 {[%clk 00:49:53]} {[%emt 00:00:21]} 54. Nd1 {[%clk 00:13:34]} {[%emt
00:00:58]} 1-0

[Event "DVM U20 2022"]
[Site "Münster GER"]
[Date "2022.12.28"]
[Round "3"]
[White "Wichmann, Luc"]
[Black "John, Niklas"]
[Result "0-1"]
[Termination "normal"]
[Board "3.6"]
[WhiteElo "1292"]
[BlackElo "1680"]
[WhiteClock "00:29:50"]
[BlackClock "00:01:42"]
[WhiteTeam "Schachgesellschaft Bochum 1931"]
[BlackTeam "Schachklub Münster 32 e. V."]
[PlyCount "70"]
[WhiteFideId "16274539"]
[BlackFideId "16234626"]
[EventCountry "GER"]
[EventRounds "7"]
[EventType "team-swiss"]
[EventDate "2022.12.26"]

1. d4 {[%clk 01:30:53]} {[%emt 00:00:06]} Nf6 {[%clk 01:30:49]} {[%emt
00:00:11]} 2. Bf4 {[%clk 01:30:37]} {[%emt 00:00:44]} g6 {[%clk 01:30:38]}
{[%emt 00:00:43]} 3. c3 {[%clk 01:29:20]} {[%emt 00:01:47]} Bg7 {[%clk
01:30:05]} {[%emt 00:01:03]} 4. Nd2 {[%clk 01:28:13]} {[%emt 00:01:37]} d5
{[%clk 01:29:05]} {[%emt 00:01:29]} 5. Ngf3 {[%clk 01:25:40]} {[%emt 00:03:02]}
O-O {[%clk 01:29:00]} {[%emt 00:00:37]} 6. e3 {[%clk 01:24:53]} {[%emt
00:01:17]} b6 {[%clk 01:24:02]} {[%emt 00:05:28]} 7. Be2 {[%clk 01:21:04]}
{[%emt 00:04:19]} c5 {[%clk 01:17:25]} {[%emt 00:07:07]} 8. O-O {[%clk
01:18:23]} {[%emt 00:03:09]} Nc6 {[%clk 01:16:10]} {[%emt 00:01:47]} 9. a3
{[%clk 01:14:12]} {[%emt 00:04:42]} h6 {[%clk 01:06:09]} {[%emt 00:10:30]} 10.
h4 {[%clk 01:09:29]} {[%emt 00:05:14]} Bf5 {[%clk 01:00:45]} {[%emt 00:05:54]}
11. Ne5 {[%clk 01:05:36]} {[%emt 00:04:21]} Nxe5 {[%clk 00:55:00]} {[%emt
00:06:17]} 12. Bxe5 {[%clk 01:05:47]} {[%emt 00:00:19]} Qd7 {[%clk 00:49:48]}
{[%emt 00:05:42]} 13. f3 {[%clk 01:01:10]} {[%emt 00:05:07]} cxd4 {[%clk
00:41:49]} {[%emt 00:08:29]} 14. cxd4 {[%clk 00:59:25]} {[%emt 00:02:15]} Rac8
{[%clk 00:39:56]} {[%emt 00:02:23]} 15. Ba6 {[%clk 00:57:15]} {[%emt 00:02:40]}
Ra8 {[%clk 00:31:55]} {[%emt 00:08:30]} 16. Rc1 {[%clk 00:56:32]} {[%emt
00:01:13]} Ne8 {[%clk 00:31:17]} {[%emt 00:01:08]} 17. Bh2 {[%clk 00:55:56]}
{[%emt 00:01:06]} h5 {[%clk 00:28:15]} {[%emt 00:03:33]} 18. Kf2 {[%clk
00:54:13]} {[%emt 00:02:12]} Nd6 {[%clk 00:21:24]} {[%emt 00:07:21]} 19. Rg1
{[%clk 00:49:25]} {[%emt 00:05:19]} Qd8 {[%clk 00:17:46]} {[%emt 00:04:07]} 20.
Bg3 {[%clk 00:42:42]} {[%emt 00:07:13]} Bc8 {[%clk 00:17:06]} {[%emt 00:01:10]}
21. Bxc8 {[%clk 00:42:23]} {[%emt 00:00:49]} Rxc8 {[%clk 00:17:09]} {[%emt
00:00:27]} 22. Qa4 {[%clk 00:38:34]} {[%emt 00:04:18]} Rc7 {[%clk 00:14:57]}
{[%emt 00:02:43]} 23. Rc6 {[%clk 00:37:51]} {[%emt 00:01:12]} Qd7 {[%clk
00:13:26]} {[%emt 00:02:02]} 24. Rgc1 {[%clk 00:37:38]} {[%emt 00:00:43]} Rfc8
{[%clk 00:11:25]} {[%emt 00:02:32]} 25. Bxd6 {[%clk 00:37:36]} {[%emt
00:00:30]} Rxc6 {[%clk 00:08:46]} {[%emt 00:03:11]} 26. Rxc6 {[%clk 00:36:34]}
{[%emt 00:01:31]} Qxc6 {[%clk 00:06:00]} {[%emt 00:03:17]} 27. Qxc6 {[%clk
00:36:56]} {[%emt 00:00:08]} Rxc6 {[%clk 00:06:28]} {[%emt 00:00:03]} 28. Bxe7
{[%clk 00:37:17]} {[%emt 00:00:09]} Rc2 {[%clk 00:06:04]} {[%emt 00:00:53]} 29.
Ke1 {[%clk 00:32:31]} {[%emt 00:05:16]} Rxb2 {[%clk 00:05:56]} {[%emt
00:00:38]} 30. g4 {[%clk 00:30:46]} {[%emt 00:02:15]} Bf8 {[%clk 00:05:01]}
{[%emt 00:01:25]} 31. Bf6 {[%clk 00:30:09]} {[%emt 00:01:08]} Bxa3 {[%clk
00:05:01]} {[%emt 00:00:30]} 32. e4 {[%clk 00:29:49]} {[%emt 00:00:48]} Bb4
{[%clk 00:03:37]} {[%emt 00:01:54]} 33. Bg5 {[%clk 00:30:11]} {[%emt 00:00:07]}
dxe4 {[%clk 00:02:42]} {[%emt 00:01:26]} 34. fxe4 {[%clk 00:29:47]} {[%emt
00:00:06]} hxg4 {[%clk 00:02:19]} {[%emt 00:01:42]} 35. Bf4 {[%clk 00:29:50]}
{[%emt 00:00:26]} g3 {[%clk 00:01:42]} {[%emt 00:01:08]} 0-1